Efectos del aditivo FR-2 en las propiedades físicas y mecánicas de prefabricados de concreto, elaborados en ladrillera San Pablo S.A
Presenta la evaluación de los efectos físicos y mecánicos al agregar aditivo FR – 2 en la fabricación de adoquines, así como la determinación de la variación de resistencia a la comprensión a distintas edades en adoquines.
| Main Authors: | , |
|---|---|
| Other Authors: | |
| Format: | Tesis Section = Libro |
| Language: | Undetermined Spanish |
| Published: |
Managua
UNI
2017
|
| Subjects: |
| LEADER | 01179nam a2200265Ia 4500 | ||
|---|---|---|---|
| 008 | 240830s9999 xx 000 0 und d | ||
| 040 | |a BIBLIOTECA-RUPAP Mon 693.4 L864 | ||
| 041 | |a spa | ||
| 082 | |a Mon 693.4 L864 | ||
| 100 | 1 | |a López Matamoros, Jeason Yisath | |
| 100 | 1 | |b Rodríguez Canales, Joaquín Allan | |
| 245 | 1 | 0 | |a Efectos del aditivo FR-2 en las propiedades físicas y mecánicas de prefabricados de concreto, elaborados en ladrillera San Pablo S.A |
| 260 | |a Managua |b UNI |c 2017 | ||
| 300 | |a 63 p. :il. | ||
| 500 | |a Contiene: anexos y CD. | ||
| 502 | |a Tesis (Ingeniero Civil)- UNI, 2017. | ||
| 520 | 3 | |a Presenta la evaluación de los efectos físicos y mecánicos al agregar aditivo FR – 2 en la fabricación de adoquines, así como la determinación de la variación de resistencia a la comprensión a distintas edades en adoquines. | |
| 650 | 7 | |a BLOQUES DE HORMIGON – FABRICACION | |
| 650 | 7 | |b BLOQUES DE CONCRETO- PROPIEDADES FISICAS – MECANICAS | |
| 650 | 7 | |c ADITIVOS – MATERIALES DE CONSTRUCCION | |
| 650 | 7 | |d ADOQUINES – RESISTENCIA | |
| 700 | 1 | |a Tutor: |b Morales Urbina, Israel | |
| 942 | |c BK |2 ddc | ||
| 991 | |a TESIS | ||
| 999 | |c 17904 | ||